| 000 | 00536nam a2200181Ia 4500 | ||
|---|---|---|---|
| 999 |
_c36741 _d36741 |
||
| 003 | OSt | ||
| 005 | 20200515090801.0 | ||
| 008 | 190216s9999||||xx |||||||||||||| ||und|| | ||
| 040 | _coclc | ||
| 082 |
_a297 _bALA/E |
||
| 100 |
_aAlam, Zafar _92293 |
||
| 245 | 0 |
_aEducation In Early Islamic Period / _cZafar Alam |
|
| 250 | _a2nd Ed. | ||
| 260 |
_bMarkazi Maktaba Islami, _aDelhi: _c1997. |
||
| 300 | _a86p | ||
| 650 | 0 |
_aHistory & geography _vIslamic History _92271 |
|
| 942 |
_cREF _2ddc _h297 _iALA/E _k297 _mALA/E |
||